La filosofía española inventariada (Record no. 173714)

MARC details
000 -LEADER
campo de control de longitud fija 00711 am a2200205 4500
001 - NÚMERO DE CONTROL
campo de control 173714
003 - IDENTIFICADOR DE NÚMERO DE CONTROL
campo de control ES-MaACL
005 - FECHA Y HORA DE LA ÚLTIMA TRANSACCIÓN
campo de control 20230906215325.0
008 - DATOS DE LONGITUD FIJA--INFORMACIÓN GENERAL
campo de control de longitud fija 100113s2008 sp a | |||||||| | spa d
020 ## - NÚMERO INTERNACIONAL ESTÁNDAR DEL LIBRO
Número Internacional Estándar del Libro 978-84-935656-9-5
040 ## - FUENTE DE CATALOGACIÓN
Centro catalogador/agencia de origen SpMaBN
Lengua de catalogación spa
Centro/agencia transcriptor SpMaBN
Normas de descripción rdc
080 ## - NÚMERO DE LA CLASIFICACIÓN DECIMAL UNIVERSAL
Número de la Clasificación Decimal Universal 1 Díaz Díaz, Gonzalo (082.2)
245 03 - MENCIÓN DEL TÍTULO
Título La filosofía española inventariada
Resto del título : homenaje a Gonzalo Díaz Díaz /
Mención de responsabilidad, etc. Santiago Arroyo Serrano (coordinador).
260 ## - PUBLICACIÓN, DISTRIBUCIÓN, ETC.
Lugar de publicación, distribución, etc. [Ciudad Real] :
Nombre del editor, distribuidor, etc. Almud,
Fecha de publicación, distribución, etc. [2008]
300 ## - DESCRIPCIÓN FÍSICA
Extensión 85 p. :
Otras características físicas il. ;
Dimensiones 20 cm.
600 14 - PUNTO DE ACCESO ADICIONAL DE MATERIA--NOMBRE DE PERSONA
Nombre de persona Díaz Díaz, Gonzalo-
Subdivisión de forma Homenajes.
9 (RLIN) 141911
700 0# - ENTRADA AGREGADA--NOMBRE PERSONAL
Nombre de persona Díaz Díaz, Gonzalo.
9 (RLIN) 44264
700 1# - ENTRADA AGREGADA--NOMBRE PERSONAL
Nombre de persona Arroyo Serrano, Gonzalo.
9 (RLIN) 141912
852 ## - LOCALIZACIÓN
Ubicación ES-MaACL
Número de control de estantería L-8731
Holdings
Estatus retirado Estado de pérdida Estado de daño No para préstamo Biblioteca de origen Biblioteca actual Ubicación en estantería Fecha de adquisición Fuente de adquisición Total de préstamos Signatura topográfica completa Código de barras Visto por última vez Precio de reemplazo Tipo de ítem Koha
        Biblioteca del Ateneo de Madrid Biblioteca del Ateneo de Madrid Depósito 2 13/01/2010     L-8731 1182343 23/02/2023 23/02/2023 Libro impreso